000
00221nam a22000977a 4500
999
_c
508022
_d
508022
082
_a
A72x5413
100
_a
Lal, R.B.
_9
3002
245
_a
Jain shrines
260
_a
Patna
_b
Department of Public Relations
_c
1954
300
_a